LEADER 00884nam0-2200277 --450 001 9910921446303321 005 20250114105323.0 100 $a20250114d1958----kmuy0itay5050 ba 101 0 $afre 102 $aFR 105 $aaf 001yy 200 1 $a<>volcanisme lunaire et terrestre$eorigine des continents, des oceans et des atmospheres, l'energie geothermique$fAlexandre Dauvillier 210 $aParis$cAlbin Michel$d1958 215 $a300 p., [3] c. di tav.$cill.$d20 cm 225 1 $aSciences d'aujourd'hui 610 0 $aVulcanismo terrestre 610 0 $aVulcanismo lunare 676 $a551.2$v23$zita 700 1$aDauvillier,$bAlexandre$022166 801 0$aIT$bUNINA$gREICAT$2UNIMARC 901 $aBK 912 $a9910921446303321 952 $aA CHI 907$b03/0136/25$fFAGBC 959 $aFAGBC 996 $aVolcanisme lunaire et terrestre$94307786 997 $aUNINA